Stanovenie výbuchových charakteristík rozvírených prachov

Salvato in:
Dettagli Bibliografici
Autore principale: Menčík, Matej, 1990- (Autore)
Altri autori: Kuracina, Richard, 1979- (Relatore della tesi)
Natura: Manoscritto Libro
Lingua:slovacco
Pubblicazione: 2018
Soggetti:
Accesso online:http://is.stuba.sk/zp/portal_zp.pl?podrobnosti=146239
Tags: Aggiungi Tag
Nessun Tag, puoi essere il primo ad aggiungerne!!

MARC

LEADER 00000ntm a22000003a 4500
001 stuzp66269
003 SK-STU
005 20181118233650.0
007 ta
008 150427s2015----xo-----f-mn---000-0-slo-d
035 |a 69817 
035 |a biblio/69817  |2 CREPC2 
040 |a STU  |b slo 
041 0 |a slo 
044 |a xo 
100 1 |a Menčík, Matej,  |d 1990-  |u 065000  |k Z9  |4 aut  |9 100  |U MTF Materiálovotechnologická fakulta  |T MTF Ústav integrovanej bezpečnosti  |X 6432  |U M5000  |Y 85  |7 A000006432 
242 0 1 |a Determination of explosion characteristics of dust clouds  |y eng 
245 1 0 |a Stanovenie výbuchových charakteristík rozvírených prachov 
260 |c 2018 
300 |a 124 s.  |e 1 CD-ROM, autoreferát 
650 4 |a organický a anorganický prach  |2 slo 
650 4 |a výbuch  |2 slo 
650 4 |a výbuchové charakteristiky  |2 slo 
650 4 |a fyzikálne vlastnosti  |2 slo 
650 4 |a experimentálna komora KV150M2  |2 slo 
650 4 |a explosion charakteristic  |2 eng 
650 4 |a organic and inorganic dust  |2 eng 
650 4 |a explosion  |2 eng 
650 4 |a physical charakteristic  |2 eng 
650 4 |a experimental chamber KV150M2  |2 eng 
700 1 |a Kuracina, Richard,  |d 1979-  |u 065200  |k Z1  |4 ths  |U MTF Ústav integrovanej bezpečnosti  |T MTF Katedra bezpečnostného inžinierstva  |X 38282  |U M5200  |Y 192  |7 A000038282 
856 4 |u http://is.stuba.sk/zp/portal_zp.pl?podrobnosti=146239 
996 |c M* DzP-636  |l MMSKP  |s P  |a 0  |w stuzp66269_0001